[Event "AUS-ch U18"]
[Site "Sandy Bay"]
[Date "2010.01.19"]
[Round "6"]
[White "Fifield, Andrew"]
[Black "Dommersnes, Brett"]
[Result "1-0"]
[WhiteElo "1332"]
[BlackElo "187"]
[PlyCount "85"]
[EventDate "2010.01.14"]
[EventType "swiss"]
[EventRounds "11"]
[EventCountry "AUS"]
[SourceTitle "EXT 2011"]
[Source "ChessBase"]
[SourceDate "2010.11.26"]
[SourceVersion "1"]
[SourceVersionDate "2010.11.26"]
[SourceQuality "1"]

1. e4 e6 2. d4 d6 3. c4 Nf6 4. Nc3 Nbd7 5. Bg5 c5 6. Nf3 Be7 7. Be2 0-0 8. 0-0 e5 9. d5 b6 10. h3 Ba6 11. a3 Rb8 12. b4 Qc8 13. Qb3 h6 14. Bh4 b5 15. cxb5 Bb7 16. Nd2 Qd8 17. a4 a5 18. bxa5 Qxa5 19. Nc4 Qa8 20. Rfb1 Rfc8 21. a5 Ba6 22. Bg4 Rd8 23. Qa4 Bc8 24. b6 Bb7 25. a6 Bxa6 26. Qxa6 Qxa6 27. Rxa6 Ra8 28. Rba1 Rab8 29. Ra7 g5 30. Bg3 Nxg4 31. hxg4 Bf8 32. b7 Nf6 33. f3 Rd7 34. Rb1 Rc7 35. Rb6 Be7 36. Nxd6 Bxd6 37. Rxd6 Rcxb7 38. Rxb7 Rxb7 39. Rxf6 Ra7 40. Rxh6 Ra1+ 41. Kh2 Rc1 42. Bxe5 c4 43. Rh8# 1-0

[Event "AUS-ch U18"]
[Site "Sandy Bay"]
[Date "2010.01.18"]
[Round "5"]
[White "Briant, James"]
[Black "Fifield, Andrew"]
[Result "1-0"]
[WhiteElo "1306"]
[BlackElo "1332"]
[PlyCount "113"]
[EventDate "2010.01.14"]
[EventType "swiss"]
[EventRounds "11"]
[EventCountry "AUS"]
[SourceTitle "EXT 2011"]
[Source "ChessBase"]
[SourceDate "2010.11.26"]
[SourceVersion "1"]
[SourceVersionDate "2010.11.26"]
[SourceQuality "1"]

1. e4 c5 2. Nf3 e6 3. c3 b6 4. d4 cxd4 5. cxd4 Bb7 6. Nc3 Bb4 7. Bd3 Nf6 8. Qc2 Qc7 9. a3 Bxc3+ 10. bxc3 d6 11. Bf4 Nbd7 12. Rc1 Rc8 13. 0-0 0-0 14. Rfe1 e5 15. Be3 exd4 16. Bxd4 Rfe8 17. Nh4 Ne5 18. Bb5 Re6 19. f4 Nc4 20. Bxc4 Qxc4 21. e5 dxe5 22. fxe5 Nd5 23. Nf5 Rec6 24. Nd6 Qxd4+ 25. cxd4 Rxc2 26. Nxc8 Rxc8 27. Rxc8+ Bxc8 28. Kf2 Kf8 29. Kf3 Ke7 30. Ke4 Ke6 31. Rc1 Bb7 32. g3 b5 33. Kd3 a5 34. Rc5 b4 35. Rxa5 b3 36. Rc5 Ba6+ 37. Kd2 Bc4 38. Rxc4 b2 39. Rc6+ Kd7 40. Rd6+ Kc7 41. Kc2 Ne3+ 42. Kb1 Nc4 43. Ra6 Kb7 44. Ra4 Nd2+ 45. Kxb2 Nf3 46. h4 g5 47. Rb4+ Kc6 48. a4 gxh4 49. gxh4 Nxh4 50. d5+ Kxd5 51. Rxh4 Kxe5 52. Rxh7 f5 53. a5 f4 54. a6 f3 55. a7 f2 56. Rf7 Ke6 57. Rxf2 1-0

[Event "AUS-ch U18"]
[Site "Sandy Bay"]
[Date "2010.01.16"]
[Round "3"]
[White "Bull Quijano, Damar"]
[Black "Fifield, Andrew"]
[Result "1/2-1/2"]
[WhiteElo "901"]
[BlackElo "1332"]
[PlyCount "111"]
[EventDate "2010.01.14"]
[EventType "swiss"]
[EventRounds "11"]
[EventCountry "AUS"]
[SourceTitle "EXT 2011"]
[Source "ChessBase"]
[SourceDate "2010.11.26"]
[SourceVersion "1"]
[SourceVersionDate "2010.11.26"]
[SourceQuality "1"]

1. e4 c5 2. d4 cxd4 3. Nf3 e6 4. Nxd4 Nf6 5. Bg5 Nc6 6. Nxc6 bxc6 7. e5 Qa5+ 8. Nd2 Qxe5+ 9. Be3 Qxb2 10. Qb1 Qxb1+ 11. Rxb1 Be7 12. Bd3 0-0 13. 0-0 Ng4 14. Rfe1 Nxe3 15. Rxe3 d5 16. Rh3 h6 17. Rg3 Bd6 18. Re3 Bd7 19. Nf3 Rab8 20. Ree1 Rxb1 21. Rxb1 Rb8 22. Rxb8+ Bxb8 23. c4 e5 24. cxd5 cxd5 25. Bb1 e4 26. Nd2 f5 27. h3 a6 28. Kf1 Bb5+ 29. Ke1 Bc7 30. a3 Ba5 31. Ba2 Bxd2+ 32. Kxd2 Bc6 33. Ke3 Kf8 34. Kd4 Ke7 35. Bxd5 Bxd5 36. Kxd5 Kf6 37. g3 h5 38. g4 fxg4 39. hxg4 h4 40. Kxe4 g5 41. f4 h3 42. fxg5+ Kxg5 43. Kf3 h2 44. Kg2 Kxg4 45. Kxh2 Kf3 46. Kh3 a5 47. a4 Ke3 48. Kg3 Kd3 49. Kf3 Kc3 50. Ke3 Kb3 51. Kd3 Kxa4 52. Kc4 Ka3 53. Kc3 Ka2 54. Kc2 a4 55. Kc1 Ka1 56. Kc2 1/2-1/2

[Event "AUS-ch U18"]
[Site "Sandy Bay"]
[Date "2010.01.14"]
[Round "1"]
[White "Zulfic, Fedja"]
[Black "Fifield, Andrew"]
[Result "1-0"]
[WhiteElo "1913"]
[BlackElo "1332"]
[PlyCount "81"]
[EventDate "2010.01.14"]
[EventType "swiss"]
[EventRounds "11"]
[EventCountry "AUS"]
[SourceTitle "EXT 2011"]
[Source "ChessBase"]
[SourceDate "2010.11.26"]
[SourceVersion "1"]
[SourceVersionDate "2010.11.26"]
[SourceQuality "1"]

1. c4 Nf6 2. Nc3 g6 3. d4 Bg7 4. e4 d6 5. Nf3 0-0 6. Be3 Ng4 7. Bg5 c5 8. dxc5 h6 9. Bh4 g5 10. Bg3 dxc5 11. Qxd8 Rxd8 12. Nd5 Nc6 13. 0-0-0 Kh8 14. h4 e6 15. Nc7 Rxd1+ 16. Kxd1 Rb8 17. hxg5 Bd7 18. gxh6 Bxb2 19. Nb5 Rd8 20. Kc2 Bf6 21. Nd6 Nb4+ 22. Kb3 Be8 23. e5 Be7 24. Be2 f6 25. Nxe8 Rxe8 26. exf6 Bxf6 27. Rh5 b6 28. Nh4 Rg8 29. h7 Rg7 30. a3 Nc6 31. Bd3 Nd4+ 32. Ka2 Rg5 33. Ng6+ Rxg6 34. Bxg6 Ne2 35. Bb8 a5 36. f3 Ne3 37. Be5 Nc3+ 38. Ka1 Bxe5 39. Rxe5 Nxc4 40. Rxe6 Nxa3 41. Re8+ 1-0